Drapeaux des pays de la coupe de monde 2026 - Statistiques

Statistiques générales
  • Ce quiz a été pris 48 fois
  • Le résultat moyen est 42 sur 48
Statistiques - réponses
Par images Réponse % Correct
Brésil
100%
Canada
100%
États-Unis
100%
France
100%
Mexique
100%
Portugal
100%
Belgique
97%
Corée du Sud
97%
Afrique du Sud
92%
Allemagne
92%
Argentine
92%
Australie
92%
Espagne
92%
Maroc
92%
Norvège
92%
Qatar
92%
Suède
92%
Suisse
92%
Tunisie
92%
Turquie
92%
Uruguay
92%
Arabie Saoudite
90%
Croatie
90%
Japon
90%
Algérie
87%
Angleterre
87%
Écosse
87%
Égypte
87%
Nouvelle-Zélande
87%
Pays-Bas
87%
République Tchèque
87%
Sénégal
87%
Côte d'Ivoire
85%
Panama
85%
République Démocratique du Congo
85%
Équateur
82%
Iran
82%
Colombie
79%
Ghana
79%
Bosnie-Herzégovine
77%
Irak
77%
Jordanie
77%
Autriche
72%
Ouzbékistan
69%
Cap-Vert
67%
Paraguay
67%
Haïti
64%
Curaçao
49%
Aucun quiz correspondant
Distribution des résultats
% des personnes avec chaque résultat
Percentile par nombre de réponses
Votre historique - résultats
Vous n’avez pas pris ce quiz